[Event "NATO-ch 23nd"]
[Site "Brest"]
[Date "2012.10.03"]
[Round "4"]
[White "Choate, Paul"]
[Black "Stuhr, Finn"]
[Result "1-0"]
[WhiteElo "2024"]
[BlackElo "1653"]
[PlyCount "73"]
[EventDate "2012.10.01"]
[EventType "swiss"]
[EventRounds "7"]
[EventCountry "FRA"]
[SourceTitle "CBM 150 Extra"]
[Source "ChessBase"]
[SourceDate "2012.10.19"]
[SourceVersion "1"]
[SourceVersionDate "2012.10.19"]
[SourceQuality "1"]

1. Nf3 b6 2. e4 Bb7 3. Nc3 g6 4. d4 Bg7 5. Bc4 e6 6. Bg5 Ne7 7. Qd2 Nbc6 8. 0-0-0 Na5 9. Bd3 0-0 10. Bh6 f5 11. e5 Bxf3 12. gxf3 Nac6 13. Ne2 Nd5 14. c3 d6 15. exd6 Qxd6 16. h4 Nf6 17. Rdg1 Rf7 18. Qg5 Nh5 19. Bxg7 Rxg7 20. Rd1 Ne7 21. Kb1 Nd5 22. Ng3 Ndf4 23. Bc4 c6 24. Nxh5 Nxh5 25. Rhe1 Re8 26. Re5 a5 27. Rde1 Rge7 28. a4 Kg7 29. Rg1 Nf6 30. h5 Nd7 31. Ree1 e5 32. hxg6 hxg6 33. Rh1 exd4 34. Reg1 Nf8 35. Qh6+ Kf6 36. Qh4+ Kg7 37. Qh8# 1-0

[Event "NATO-ch 23nd"]
[Site "Brest"]
[Date "2012.10.01"]
[Round "1"]
[White "Pedersen, Finn"]
[Black "Choate, Paul"]
[Result "1-0"]
[WhiteElo "2291"]
[BlackElo "2024"]
[PlyCount "139"]
[EventDate "2012.10.01"]
[EventType "swiss"]
[EventRounds "7"]
[EventCountry "FRA"]
[SourceTitle "CBM 150 Extra"]
[Source "ChessBase"]
[SourceDate "2012.10.19"]
[SourceVersion "1"]
[SourceVersionDate "2012.10.19"]
[SourceQuality "1"]

1. c4 e6 2. d4 Nf6 3. Bg5 h6 4. Bxf6 Qxf6 5. Nf3 b6 6. e3 Bb7 7. Be2 Bb4+ 8. Nbd2 0-0 9. a3 Bxd2+ 10. Qxd2 d6 11. 0-0 Nd7 12. b4 Rfd8 13. Rfd1 a5 14. Ne1 e5 15. Bf3 e4 16. Bg4 Nf8 17. b5 Qg5 18. Bh3 f5 19. g3 Qh5 20. Bf1 Nd7 21. Qe2 Qf7 22. Rac1 g5 23. Bg2 g4 24. h3 h5 25. Bf1 Nf6 26. h4 Nd7 27. Ng2 Kh7 28. Nf4 Re8 29. Qb2 Rac8 30. Rd2 Re7 31. Be2 Kh6 32. Bd1 Qf6 33. Bb3 Qg7 34. Qa2 Rce8 35. c5 bxc5 36. Ne6 Qf6 37. Nxc7 Rc8 38. Nd5 Bxd5 39. Bxd5 Rb8 40. Bc6 cxd4 41. Rxd4 Ne5 42. Kg2 Nd3 43. Rd1 Rd8 44. Qd2 a4 45. Qa5 Rf8 46. b6 Re5 47. Qxa4 Nb2 48. Qb4 Nxd1 49. Rxd6 Re6 50. Rxe6 Qxe6 51. Qxf8+ Kh7 52. Qd8 Nxe3+ 53. fxe3 Qa2+ 54. Kf1 Qb1+ 55. Ke2 Qc2+ 56. Qd2 Qxc6 57. Qb2 Qc4+ 58. Kf2 Qd3 59. b7 f4 60. gxf4 g3+ 61. Kxg3 Qxe3+ 62. Kg2 Qf3+ 63. Kg1 e3 64. Qc2+ Kh6 65. b8Q Qg3+ 66. Kf1 Qf3+ 67. Ke1 Qh1+ 68. Ke2 Qg2+ 69. Kd3 e2 70. Qh8+ 1-0

[Event "NATO-ch 19th"]
[Site "Brussels"]
[Date "2008.08.07"]
[Round "5"]
[White "Lebrun, Roger"]
[Black "Choate, Paul"]
[Result "1/2-1/2"]
[WhiteElo "1965"]
[BlackElo "2050"]
[PlyCount "43"]
[EventDate "2008.08.04"]
[EventType "swiss"]
[EventRounds "7"]
[EventCountry "BEL"]
[SourceTitle "EXT 2015"]
[Source "ChessBase"]
[SourceDate "2014.11.20"]
[SourceVersion "1"]
[SourceVersionDate "2014.11.20"]
[SourceQuality "1"]

1. d4 Nf6 2. c4 e6 3. Nf3 b6 4. a3 Bb7 5. Nc3 g6 6. e3 Bg7 7. Be2 0-0 8. 0-0 a5 9. Qc2 d5 10. Nd2 Na6 11. Rd1 Qe7 12. b3 c5 13. dxc5 bxc5 14. Nb5 Rfd8 15. Bb2 Nc7 16. Nxc7 Qxc7 17. cxd5 exd5 18. Rac1 Rac8 19. Bd4 Qb8 20. Bxc5 Nd7 21. b4 axb4 22. axb4 1/2-1/2

[Event "NATO-ch 19th"]
[Site "Brussels"]
[Date "2008.08.04"]
[Round "1"]
[White "Kertesz, Alfred"]
[Black "Choate, Paul"]
[Result "1-0"]
[WhiteElo "2282"]
[BlackElo "2050"]
[PlyCount "65"]
[EventDate "2008.08.04"]
[EventType "swiss"]
[EventRounds "7"]
[EventCountry "BEL"]
[SourceTitle "EXT 2015"]
[Source "ChessBase"]
[SourceDate "2014.11.20"]
[SourceVersion "1"]
[SourceVersionDate "2014.11.20"]
[SourceQuality "1"]

1. d4 Nf6 2. c4 d6 3. Nc3 Nbd7 4. e4 e5 5. d5 g6 6. Be3 Bg7 7. f3 0-0 8. Nge2 Nb6 9. Ng3 h5 10. Bd3 h4 11. Nge2 Nh7 12. Qd2 f5 13. 0-0-0 c6 14. dxc6 bxc6 15. c5 d5 16. cxb6 d4 17. Bc4+ Kh8 18. Nxd4 exd4 19. Bxd4 Bxd4 20. Qxd4+ Qxd4 21. Rxd4 axb6 22. Rd6 b5 23. Bb3 b4 24. Na4 fxe4 25. fxe4 h3 26. Rxg6 Re8 27. gxh3 Bxh3 28. Rhg1 Rf8 29. R1g3 Bf1 30. Nb6 Rad8 31. Nd7 Rfe8 32. Nc5 Re5 33. Rg8+ 1-0

[Event "NATO-ch 13th"]
[Site "Brest"]
[Date "2002.10.10"]
[Round "6.15"]
[White "Choate, Paul"]
[Black "Wantiez, Fabrice"]
[Result "0-1"]
[WhiteElo "1992"]
[BlackElo "2192"]
[PlyCount "160"]
[EventDate "2002.10.07"]
[EventType "swiss"]
[EventRounds "7"]
[EventCountry "FRA"]
[SourceTitle "EXT 2003"]
[Source "ChessBase"]
[SourceDate "2002.11.25"]
[SourceVersion "1"]
[SourceVersionDate "2002.11.25"]
[SourceQuality "1"]

1. d4 Nf6 2. Nf3 g6 3. Bg5 Bg7 4. Nbd2 d5 5. e3 c6 6. Bd3 Qb6 7. Rb1 Qa5 8. a3 Ne4 9. Bh4 Bg4 10. c3 f5 11. 0-0 Nd7 12. Qc2 Bxf3 13. Nxf3 h6 14. b4 Qd8 15. c4 g5 16. Bg3 0-0 17. cxd5 cxd5 18. Bc7 Qe8 19. Rfc1 g4 20. Ne5 Nxe5 21. Bxe5 Bxe5 22. dxe5 e6 23. f4 gxf3 24. gxf3 Ng5 25. f4 Nf7 26. Qb2 Qd8 27. Kh1 Kh7 28. Qf2 Rg8 29. Be2 Rc8 30. Bh5 Nh8 31. h3 Qd7 32. Rg1 Qc6 33. Rxg8 Rxg8 34. Kh2 Qc3 35. a4 Rc8 36. Rb2 Rc7 37. a5 a6 38. Bd1 Qd3 39. Bc2 Qa3 40. Bd1 Rc3 41. Re2 Qxb4 42. Qg3 Rc7 43. Rg2 Qf8 44. Bh5 Rg7 45. Qxg7+ Qxg7 46. Rxg7+ Kxg7 47. Be8 Nf7 48. Bd7 Nd8 49. Bc8 Nc6 50. Bxb7 Nxa5 51. Bxa6 Nc4 52. Kg3 Nxe3 53. Kf3 Nc2 54. Ke2 Nd4+ 55. Ke3 Nc6 56. Bb5 Nb8 57. Kd4 Kf8 58. Kc5 Ke7 59. h4 Nd7+ 60. Kd4 Nb6 61. h5 Na8 62. Bc6 Nc7 63. Ba4 Ne8 64. Kc5 Nc7 65. Kd4 Na6 66. Bb5 Nc7 67. Ba4 Kd8 68. Bc6 Na6 69. Bb5 Nb4 70. Ba4 Kc7 71. Bb3 Kb6 72. Ba4 Nc6+ 73. Kd3 Kc5 74. Kc3 d4+ 75. Kd2 Kd5 76. Bc2 Kc4 77. Bd3+ Kb4 78. Ba6 Ne7 79. Bb7 Kc5 80. Kd3 Nd5 0-1

[Event "NATO-ch 13th"]
[Site "Brest"]
[Date "2002.10.??"]
[Round "1.8"]
[White "Lokasto, Anatol"]
[Black "Choate, Paul"]
[Result "1/2-1/2"]
[WhiteElo "2235"]
[BlackElo "1992"]
[PlyCount "58"]
[EventDate "2002.10.07"]
[EventType "swiss"]
[EventRounds "7"]
[EventCountry "FRA"]
[SourceTitle "EXT 2003"]
[Source "ChessBase"]
[SourceDate "2002.11.25"]
[SourceVersion "1"]
[SourceVersionDate "2002.11.25"]
[SourceQuality "1"]

1. e4 c6 2. Qe2 d5 3. d3 dxe4 4. dxe4 e5 5. Nf3 Nd7 6. Nbd2 Ngf6 7. Nc4 Qc7 8. Bg5 Be7 9. 0-0-0 0-0 10. g4 Re8 11. Rg1 b5 12. Ne3 Qa5 13. Kb1 Nc5 14. Nxe5 Be6 15. a3 Ncxe4 16. Nxc6 Nc3+ 17. bxc3 Qxa3 18. Nxe7+ Rxe7 19. Bxf6 Ba2+ 20. Ka1 gxf6 21. Qe1 Bc4+ 22. Kb1 Qa2+ 23. Kc1 Qa1+ 24. Kd2 Rd8+ 25. Bd3 Rxd3+ 26. cxd3 Qb2+ 27. Nc2 Rxe1 28. dxc4 Rxg1 29. Rxg1 bxc4 1/2-1/2